000 00481cam a2200193ua 4500
001 8581
008 150206n ii |||gr||||Z||||||eng
020 _a8120713192
040 _cMAIN
041 _aeng
082 _a425
100 _aMishra, R. N.,
_eAuthor.
245 1 _aPractical english grammar :
_bComposition and exercise /
_cBy R. N. Mishra .
250 _a1st.
260 _aNew Delhi:
_bSterling,
_c1986.
300 _a76p.
653 _aEnglish grammar
942 _cBK
999 _c7681
_d7681